000 00589nam a2200217Ia 4500
008 160319s9999 xx 000 0 und d
020 _a9789712719493
050 _a929.81599
050 _bG786 2007
245 _aGreat men and women of Asia :
245 _bRamon Magsaysay awardees from Southeast Asia, 1990-2005
260 _aPasig City :
260 _bAnvil Pub. Inc
260 _c2007
300 _a338 p. :
300 _bill. ;
300 _c23 cm.
650 _aMEN -- ASIA -- BIOGRAPHY
650 _aRamon Magsaysay Awards
650 _aWOMEN -- ASIA -- BIOGRAPHY
999 _c292249
_d292249